Vyhláška MPSVR SR s komentárom

Vyhláška Ministerstva práce, sociálnych vecí a rodiny Slovenskej republiky č. 440/2004 Z. z., ktorou sa ustanovuje, čo sa rozumie nepravdivou alebo zavádzajúcou informáciou, službou alebo plnením, ktoré nesúvisia so starobným dôchodkovým sporením. Komentár. Ilustračné príklady.

Salvato in:
Dettagli Bibliografici
Autore principale: Kolesárová, Jana
Altri autori: Nalevanko, Michal
Natura: Capitolo di libro
Lingua:slovacco
Soggetti:
Tags: Aggiungi Tag
Nessun Tag, puoi essere il primo ad aggiungerne!!

MARC

LEADER 00000naa$a2200000$$$4500
001 0023555
005 20230919094852.0
041 0 |a slo 
044 |a SK 
245 1 0 |a Vyhláška MPSVR SR s komentárom  |c Jana Kolesárová, Michal Nalevanko 
520 |a Vyhláška Ministerstva práce, sociálnych vecí a rodiny Slovenskej republiky č. 440/2004 Z. z., ktorou sa ustanovuje, čo sa rozumie nepravdivou alebo zavádzajúcou informáciou, službou alebo plnením, ktoré nesúvisia so starobným dôchodkovým sporením. Komentár. Ilustračné príklady. 
610 2 0 |a legislatíva 
610 2 0 |a vyhlášky 
610 2 0 |a Slovensko 
610 2 0 |a 2004 
610 2 0 |a reklama klamlivá 
610 2 0 |a reformy dôchodkové 
610 2 0 |a dôchodky starobné 
610 2 0 |a sporenie obyvateľstva 
100 1 |a Kolesárová, Jana 
700 1 |a Nalevanko, Michal